| 000 | 01738nam a2200505 i 4500 | ||
|---|---|---|---|
| 001 | 40089 | ||
| 003 | KOSZ 005 | ||
| 005 | 20220606095817.0 | ||
| 008 | 020517s2001 pl a |000 0 pol | ||
| 015 | _aUWD 2002/8346 | ||
| 020 | _a8391415139 | ||
| 035 | _a991018118029705066 | ||
| 035 | _a(PL-WaBN)b14908566-48omnis_nlop | ||
| 035 | _ab14908566 | ||
| 035 | _a(OCoLC)749166617 | ||
| 035 | _azz2003832643 | ||
| 035 | _a(PL)b0000001490856 | ||
| 035 | _a(EXLNZ-48OMNIS_NETWORK)9910303260305606 | ||
| 040 |
_aWA N _cWA N _dKOSZ 005/HR |
||
| 041 | 1 |
_apol _heng |
|
| 046 | _k2001 | ||
| 080 | _a629.33 | ||
| 080 | _a628.5 | ||
| 080 | _a(07) | ||
| 245 | 0 | 0 |
_aRecykling samochodów : _bekologia, prawo, praktyka, perspektywy : materiały pomocnicze do szkolenia zawodowego / _cpod red. R. Sawwy. |
| 260 |
_aWarszawa : _bPIAP [Przemysłowy Instytut Automatyki i Pomiarów], _c2001. |
||
| 300 |
_a245, [14] s. : _bil. (w tym kolor) ; _c24 cm. |
||
| 336 |
_aTekst _btxt _2rdacontent |
||
| 337 |
_aBez urządzenia pośredniczącego _bn _2rdamedia |
||
| 338 |
_aWolumin _bnc _2rdacarrier |
||
| 380 | _aKsiążki | ||
| 388 | _a2001- | ||
| 500 | _aOprac. w ramach proj. "Tramcar" realiz. w prog. UE "Leonardo da Vinci". | ||
| 546 | _aTekst częśc. ang. | ||
| 650 | 7 |
_aSamochody _2DBN |
|
| 650 | 7 | _aRecykling | |
| 655 | 7 |
_aPodręcznik _2DBN |
|
| 658 | _aInżynieria i technika | ||
| 658 | _aOchrona środowiska | ||
| 700 | 1 |
_aSawwa, Ryszard _eRedakcja |
|
| 710 | 2 |
_aPrzemysłowy Instytut Automatyki i Pomiarów PIAP _4pbl |
|
| 856 |
_uhttp://koha.tu.koszalin.pl/cgi-bin/koha/opac-detail.pl?biblionumber=40089 _yKatalog online BPK |
||
| 942 |
_2UKD _cKS |
||
| 999 |
_c40089 _d40089 |
||